000 03519cam a2200577 a 4500
001 219566933
003 OCoLC
005 20240319214119.0
008 080221s2008 txua b 000 1 eng
010 _a2008007573
020 _a9781558854987
_q(alk. paper)
020 _a1558854983
_q(alk. paper)
035 _a(OCoLC)219566933
037 _a1288844
_bQBI
040 _aDLC
_beng
_cDLC
_dQBX
_dBAKER
_dBTCTA
_dDPL
_dEHH
_dIG#
_dYDXCP
_dLNQ
_dBDX
_dOCLCF
_dOCLCO
_dOCLCQ
_dOCLCO
_dDCB
_dRB0
_dCHILD
_dQQ3
041 1 _aeng
_aspa
_heng
042 _alcac
043 _an-us-ny
050 0 0 _aPZ73
_b.C362 2008
082 0 0 _a[E]
_222
100 1 _aCaraballo, Samuel.
_0https://id.loc.gov/authorities/names/n2001027955.
245 1 0 _aEstrellita en la ciudad grande /
_cpor Samuel Caraballo ; ilustraciones de Pablo Torrecilla =
_bEstrellita in the big city / by Samuel Caraballo ; illustrated by Pablo Torrecilla.
246 3 1 _aEstrellita in the big city.
260 _aHouston, Tex. :
_bPinata Books,
_c[2008]
264 1 _aHouston, Tex. :
_bPinata Books,
_c[2008]
264 4 _cc2008.
300 _a1 volume (unpaged) :
_bcolor illustrations ;
_c23 x 29 cm.
336 _atext
_btxt
_2rdacontent.
337 _aunmediated
_bn
_2rdamedia.
338 _avolume
_bnc
_2rdacarrier.
520 _aRelates, in Spanish and English, a telephone conversation in which young Estrellita, who has recently moved to Brooklyn, New York, tells her grandmother, who still lives in Puerto Rico, all about her adventures in and near Manhattan.
526 8 _aAccelerated Reader AR
_bLG
_c4.2
_d0.5
_z123864.
546 _aText in English and Spanish.
650 0 _aImmigrants
_zNew York (State)
_zNew York
_0https://id.loc.gov/authorities/subjects/sh2008123059
_vFiction.
_0https://id.loc.gov/authorities/subjects/sh99001562.
650 0 _aPuerto Ricans
_zNew York (State)
_zNew York
_0https://id.loc.gov/authorities/subjects/sh2010109141
_vFiction.
_0https://id.loc.gov/authorities/subjects/sh99001562.
650 0 _aGrandmothers
_0https://id.loc.gov/authorities/subjects/sh85056408
_zNew York (State)
_zNew York
_0https://id.loc.gov/authorities/names/n79007751-781
_vFiction.
_0https://id.loc.gov/authorities/subjects/sh99001562.
650 0 _aPuerto Ricans
_0https://id.loc.gov/authorities/subjects/sh85108935
_zNew York (State)
_0https://id.loc.gov/authorities/names/n80126293-781
_vFiction.
_0https://id.loc.gov/authorities/subjects/sh99001562.
650 0 _aBilingual books
_xSpanish-English.
650 0 _aGrandmothers
_vFiction.
_0https://id.loc.gov/authorities/subjects/sh2008105065.
650 0 _aImmigrants
_0https://id.loc.gov/authorities/subjects/sh85064517
_zNew York (State)
_0https://id.loc.gov/authorities/names/n80126293-781
_vFiction.
_0https://id.loc.gov/authorities/subjects/sh99001562.
650 0 _aPuerto Ricans
_0https://id.loc.gov/authorities/subjects/sh85108935
_vFiction.
_0https://id.loc.gov/authorities/subjects/sh99001562.
650 0 _aImmigrants
_vFiction.
_0https://id.loc.gov/authorities/subjects/sh2008104248.
651 0 _aNew York (N.Y.)
_vFiction.
_0https://id.loc.gov/authorities/subjects/sh2008108377.
655 7 _aFiction.
_2fast
_0(OCoLC)fst01423787.
655 7 _aMateriales en espa©łol
_xBiling©ơe.
_2qlsp.
655 4 _aSpanish language materials.
655 1 _aSpanish language materials
_xBilingual.
655 7 _aFiction.
_2lcgft
_0https://id.loc.gov/authorities/genreForms/gf2014026339.
700 1 _aTorrecilla, Pablo,
_0https://id.loc.gov/authorities/names/n92095311
_eillustrator.
942 _cBK
_2ddc
999 _c29403
_d29401